[Event "VIE-ch"]
[Site "Bac Giang"]
[Date "2016.06.28"]
[Round "9"]
[White "Tran, Dang Minh Quang"]
[Black "Hua, Truong Kha"]
[Result "1-0"]
[WhiteElo "1541"]
[BlackElo "1915"]
[PlyCount "99"]
[EventDate "2016.06.22"]
[EventType "swiss"]
[EventRounds "9"]
[EventCountry "VIE"]
[SourceTitle "EXT 2017"]
[Source "ChessBase"]
[SourceDate "2016.10.25"]
[SourceVersion "1"]
[SourceVersionDate "2016.10.25"]
[SourceQuality "1"]

1. c4 f5 2. g3 Nf6 3. Bg2 g6 4. d4 Bg7 5. Nf3 d6 6. 0-0 0-0 7. Nc3 Qe8 8. d5 Bd7 9. Bf4 Na6 10. Qc2 Nc5 11. Nd2 a5 12. Be3 Na6 13. a3 Ng4 14. Bf4 Qf7 15. e4 a4 16. Rae1 Nc5 17. h3 Ne5 18. Bxe5 Bxe5 19. f4 Bd4+ 20. Kh2 fxe4 21. Ndxe4 h6 22. Nxc5 Bxc5 23. Re2 Bb6 24. Rfe1 Rfe8 25. Be4 Kg7 26. Bd3 g5 27. f5 Bd4 28. Re4 Bf6 29. Re6 c6 30. Be4 Ra6 31. Bf3 Bxe6 32. fxe6 Qf8 33. Bh5 Rea8 34. Qg6+ Kh8 35. Ne4 Bg7 36. Bg4 Qe8 37. Qf5 Rb6 38. h4 Rxb2+ 39. Kh3 Qf8 40. Qg6 Qe8 41. Qf5 Bd4 42. hxg5 h5 43. Be2 Kg7 44. Bd3 Qg6 45. Nxd6 Qxf5+ 46. Nxf5+ Kf8 47. Nxd4 Rd8 48. Rf1+ Kg8 49. Rf3 cxd5 50. cxd5 1-0

[Event "VIE-ch"]
[Site "Bac Giang"]
[Date "2016.06.22"]
[Round "2"]
[White "Hua, Truong Kha"]
[Black "Nguyen, Tien Anh"]
[Result "0-1"]
[WhiteElo "1915"]
[BlackElo "1700"]
[PlyCount "90"]
[EventDate "2016.06.22"]
[EventType "swiss"]
[EventRounds "9"]
[EventCountry "VIE"]
[SourceTitle "EXT 2017"]
[Source "ChessBase"]
[SourceDate "2016.10.25"]
[SourceVersion "1"]
[SourceVersionDate "2016.10.25"]
[SourceQuality "1"]

1. e4 c5 2. Nf3 d6 3. d4 cxd4 4. Nxd4 Nf6 5. Nc3 a6 6. Be2 e5 7. Nb3 Be7 8. 0-0 0-0 9. Be3 b5 10. f3 Bb7 11. a3 Nbd7 12. Qd2 Qc7 13. a4 b4 14. Nd5 Nxd5 15. exd5 Nf6 16. Qxb4 Bxd5 17. c4 Rab8 18. Qc3 Rfc8 19. Nd2 Be6 20. b3 d5 21. Bf2 Bb4 22. Qd3 g6 23. cxd5 Nxd5 24. Rfc1 Qxc1+ 25. Rxc1 Rxc1+ 26. Nf1 Nf4 27. Qe3 Rd8 28. Qxe5 Nxe2+ 29. Qxe2 Rdd1 30. Qxa6 Rxf1+ 31. Qxf1 Rxf1+ 32. Kxf1 Bxb3 33. Bd4 Bxa4 34. Kf2 f5 35. f4 Kf7 36. h3 Ke6 37. g4 Kd5 38. Bb2 Ke4 39. Bc1 Bc5+ 40. Kg3 Be3 41. Bxe3 Kxe3 42. g5 Bd1 43. Kh4 Be2 44. Kg3 Bf1 45. h4 Be2 0-1

[Event "VIE-ch U13"]
[Site "Ho Chi Minh City"]
[Date "2014.07.17"]
[Round "7"]
[White "Hua, Truong Kha"]
[Black "Ly, Han Vinh"]
[Result "1-0"]
[WhiteElo "1784"]
[BlackElo "1756"]
[PlyCount "61"]
[EventDate "2014.07.13"]
[EventType "swiss"]
[EventRounds "9"]
[EventCountry "VIE"]
[SourceTitle "EXT 2016"]
[Source "ChessBase"]
[SourceDate "2015.10.08"]
[SourceVersion "1"]
[SourceVersionDate "2015.10.08"]
[SourceQuality "1"]

1. e4 c5 2. Nf3 d6 3. d4 cxd4 4. Nxd4 Nc6 5. Be3 Nf6 6. Nc3 e6 7. Be2 Be7 8. 0-0 a6 9. Kh1 Qc7 10. f4 0-0 11. Qe1 e5 12. Nb3 b5 13. a3 Bb7 14. Bf3 Na5 15. Nxa5 Qxa5 16. Qg3 b4 17. axb4 Qxb4 18. fxe5 Nxe4 19. Bxe4 Bxe4 20. Ra4 Qxb2 21. Nxe4 Qxc2 22. Rfa1 Rfb8 23. Nd2 dxe5 24. h3 Bb4 25. Nf1 Qd3 26. Qxe5 Bc3 27. Bd4 Bxd4 28. Rxd4 Qc3 29. Rd8+ Rxd8 30. Qxc3 h6 31. Qc7 1-0

[Event "VIE-ch U13"]
[Site "Ho Chi Minh City"]
[Date "2014.07.17"]
[Round "8"]
[White "Truong, Le Thanh Dat"]
[Black "Hua, Truong Kha"]
[Result "0-1"]
[WhiteElo "1802"]
[BlackElo "1784"]
[PlyCount "130"]
[EventDate "2014.07.13"]
[EventType "swiss"]
[EventRounds "9"]
[EventCountry "VIE"]
[SourceTitle "EXT 2016"]
[Source "ChessBase"]
[SourceDate "2015.10.08"]
[SourceVersion "1"]
[SourceVersionDate "2015.10.08"]
[SourceQuality "1"]

1. e4 e5 2. Nf3 Nc6 3. Bc4 Bc5 4. Nc3 Nf6 5. d3 d6 6. Be3 Bb6 7. Bg5 Be6 8. Bb3 h6 9. Bxf6 Qxf6 10. Nd5 Qd8 11. Nxb6 axb6 12. Bxe6 fxe6 13. d4 exd4 14. Nxd4 Nxd4 15. Qxd4 0-0 16. 0-0 Kh8 17. f4 Qe7 18. f5 exf5 19. exf5 Qf6 20. Qxf6 Rxf6 21. a3 Re8 22. Rf2 Re5 23. g4 Kg8 24. Raf1 Kf8 25. Kg2 Ke7 26. Kg3 d5 27. h4 Kf7 28. Rd1 h5 29. Rdd2 hxg4 30. Kxg4 c6 31. Rde2 Rxe2 32. Rxe2 b5 33. Re5 Kf8 34. Kg5 Kf7 35. b4 Rd6 36. Re6 Rd8 37. h5 Ra8 38. Re3 Rd8 39. Rh3 Ra8 40. Rf3 Rg8 41. Rf4 Re8 42. f6 Re5+ 43. Rf5 gxf6+ 44. Kg4 Kg7 45. Rf3 Re4+ 46. Kg3 Re2 47. h6+ Kxh6 48. Rxf6+ Kg5 49. Rf7 Re3+ 50. Rf3 Rxf3+ 51. Kxf3 Kf5 52. Ke3 Ke5 53. c3 b6 54. Kd3 c5 55. Ke3 d4+ 56. Kd3 c4+ 57. Kd2 dxc3+ 58. Kxc3 Kd5 59. Kc2 Kd4 60. Kd2 c3+ 61. Kc1 Kd3 62. a4 bxa4 63. b5 c2 64. Kb2 Kd2 65. Ka2 Kc3 0-1

[Event "VIE-ch U13"]
[Site "Ho Chi Minh City"]
[Date "2014.07.15"]
[Round "5"]
[White "Hua, Truong Kha"]
[Black "Nguyen, Tien Anh"]
[Result "0-1"]
[WhiteElo "1784"]
[BlackElo "1646"]
[PlyCount "84"]
[EventDate "2014.07.13"]
[EventType "swiss"]
[EventRounds "9"]
[EventCountry "VIE"]
[SourceTitle "EXT 2016"]
[Source "ChessBase"]
[SourceDate "2015.10.08"]
[SourceVersion "1"]
[SourceVersionDate "2015.10.08"]
[SourceQuality "1"]

1. e4 c5 2. Nf3 d6 3. d4 cxd4 4. Nxd4 Nf6 5. Nc3 a6 6. Be2 e5 7. Nb3 Be7 8. 0-0 0-0 9. Bf3 Be6 10. Bg5 Nbd7 11. Re1 Qc7 12. Qe2 Rac8 13. Rad1 b5 14. Bxf6 Nxf6 15. Rd2 Nd7 16. Qd1 Nb6 17. Qc1 Bg5 18. Qd1 Bxd2 19. Qxd2 Nc4 20. Qc1 Nxb2 21. Qxb2 Qxc3 22. Qxc3 Rxc3 23. Bd1 f5 24. f3 fxe4 25. Rxe4 Bf5 26. Re2 Rfc8 27. Na1 Ra3 28. c3 Raxc3 29. Nb3 Bc2 30. Rd2 Bxd1 31. Rxd1 R8c6 32. Kf1 Rc2 33. f4 Rxa2 34. fxe5 dxe5 35. Re1 Rf6+ 36. Kg1 Rff2 37. g3 Rg2+ 38. Kh1 Rxh2+ 39. Kg1 Rag2+ 40. Kf1 Rb2 41. Kg1 Rhg2+ 42. Kh1 Rxg3 0-1